LEADER 01194nam a2200289 a 4500 001 000000144427 003 CaOOAMICUS 005 20150630092548.0 008 150630s2004 it u000 u ita r 040 $aPUL$bita 100 1 $aMartella, Luigi.$0(OLS)http://pul/name/92620 245 10$aDiscepoli dell'Eucaristia :$blettera pastorale per l'anno 2004-2005 /$cLuigi Martella. 260 $aMolfetta :$bLuce & Vita$g2004 300 $a70 p. ;$c21 cm 490 1 $aMagistero del vescovo ;$v08 504 $aBibliografia in nota. 650 4$aTeologia pastorale$zItalia$ySec. XX.$0(OLS)http://pul/subject/16392 650 4$aEucaristia.$0(OLS)http://pul/subject/1539 830 0$aMagistero del vescovo ;$v08.$0(OLS)http://pul/title/182727 850 $aPUL 852 $aPUL$W1$xDP1 Fondo S. Lanza$y121$m3 G 9$j166706$qFondi$B167300$CPULBib$Z2$F167300 $HLan351 $82 941 1 $a1 960 $aEucarestia$91539 960 $aComunione (sacramento)$91539 996 $6245$aDiscepoli dell'Eucaristia :$blettera pastorale per l'anno 2004-2005$9(OLS)http://pul/title/182726 996 $6260$aMolfetta :$bLuce & Vita$9(OLS)http://pul/publisher/82249 LEADER 00984naa a2200217 u 4500 001 000000103745 003 CaOOAMICUS 005 20070226130217.0 008 061127s1924 it u000 u ger u 035 $a11108337 040 $aIAR$bita 100 1 $aHeckel, Rudolf von,$d1880-$0(OLS)http://pul/name/63907 245 14$aDas Aufkommen der ständigen Prokuratoren an der päpstlichen Kurie im 13. Jahrhundert /$cRudolf von Heckel. 260 $aRoma :$bBiblioteca apostolica vaticana,$c1924. 300 $av.2, p. 290-321 ;$c26 cm 500 $aIAR: CLA.29 650 4$aCuria Romana$xStoria$ySec. XIII.$0(OLS)http://pul/subject/33080 773 0 $aMiscellanea Francesco Ehrle. 773 0 $tMiscellanea Francesco Ehrle : scritti di storia e paleografia$g37-42$w()20470 996 $6245$aDas Aufkommen der ständigen Prokuratoren an der päpstlichen Kurie im 13. Jahrhundert$9(OLS)http://pul/title/130648 996 $6260$aRoma :$bBiblioteca apostolica vaticana$9(OLS)http://pul/publisher/56627